000 00777cam a2200229 4500
001 1967
003 OCoLC
005 20181127164316.0
008 001114t20001960nyub b 001 0 eng d
020 _a0060956399 (pbk.)
020 _a9780060956394 (pbk.)
043 _afl-----
_af-ug---
_af------
_af-sj---
100 1 _aMoorehead, Alan,
_d1910-
245 1 4 _aThe White Nile /
_cAlan Moorehead.
260 _aNew York, NY :
_bPerennial,
_c2000.
300 _axi, 431 p. :
_bmaps ;
_c21 cm.
504 _aIncludes bibliographical references (p. 399-410) and index.
651 0 _aAfrica
_xDiscovery and exploration.
651 0 _aBahr al-Abyad (Sudan : Province)
_xDiscovery and exploration.
651 0 _aNile River Valley
_xHistory.
651 0 _aUganda
_xDiscovery and exploration.
999 _c1520
_d1520